| 000 | 07969namaa22004451i 4500 | ||
|---|---|---|---|
| 003 | EG-GICUC | ||
| 005 | 20260511124646.0 | ||
| 008 | 260511s2025 ua a|||frm||| 000 0 eng d | ||
| 040 |
_aEG-GICUC _beng _cEG-GICUC _dEG-GICUC _erda |
||
| 041 | 0 |
_aeng _beng _bara |
|
| 049 | _aDeposit | ||
| 082 | 0 | 4 | _a571.1 |
| 092 |
_a571.1 _221 |
||
| 097 | _aM.Sc | ||
| 099 | _aCai01.10.16.M.Sc.2025.La.A | ||
| 100 | 0 |
_aLatifa Yahia Mohamed Ismail, _epreparation. |
|
| 245 | 1 | 4 |
_aThe ameliorative effect of graviola and its nanoparticles on the adverse effects of hyperthyroidism in male rats / _cby Latifa Yahia Mohamed Ismail ; Supervision Dr. Hodallah Hatem Ahmed, Dr. Sherif Hamed Elmosalamy, Dr. Marwa Ibrahim Abdel Hamid. |
| 246 | 1 | 5 | _aالتأثير المحسن للجرافيولا وجسيماتها النانوية على الآثار الضارة لفرط نشاط الغدة الدرقية في ذكور الفئران |
| 264 | 0 | _c2025. | |
| 300 |
_a134 pages : _billustrations ; _c25 cm. + _eCD. |
||
| 336 |
_atext _2rda content |
||
| 337 |
_aUnmediated _2rdamedia |
||
| 338 |
_avolume _2rdacarrier |
||
| 502 | _aThesis (M.Sc)-Cairo University, 2025. | ||
| 504 | _aBibliography: pages 129-134. | ||
| 520 | 3 | _aHyperthyroidism, characterized by excessive thyroid hormones production, induces profound metabolic disturbances that adversely affect multiple organs, particularly the liver, kidneys, and thyroid gland itself. These alterations are mainly mediated by oxidative stress, inflammation, apoptosis, and pro-fibrotic signaling. Despite the availability of conventional antithyroid therapies, most of them primarily control hormones overproduction without effectively protecting organ integrity. Therefore, identifying natural agents with combined hepatoprotective, nephroprotective, and antithyroid properties represents a promising therapeutic strategy. The present study investigated the potential therapeutic effects of graviola (Annona muricata) and its nanoparticle formulation (GNPs) on biochemical indices, antioxidant status, gene expression and histopathological architecture in the liver, kidney, and thyroid of L-thyroxine–induced hyperthyroid male rats. Eighty rats (120–140 g) were randomly assigned to eight groups: control, hyperthyroid, graviola (200 mg/kg), GNPs (200 mg/kg), and co-treated hyperthyroid groups receiving oral graviola+ L. thyroxine (200+0.3 mg/kg) or GNPs at doses of 50, 100, or 200 + L- thyroxine 0.3 mg/kg for 28 consecutive days. Serum was analyzed for thyroid, hepatic and renal function markers, glucose, total protein, lipid profile and total antioxidant capacity (TAC). Tissue assays included malondialdehyde (MDA), glutathione (GSH), and gene expression of nuclear factor erythroid 2–related factor 2 )Nrf2(, heme oxygenase-1 (HO-1), superoxide dismutase (SOD), bcl-2–associated X protein (Bax), b-cell lymphoma 2 (Bcl-2), interleukin-1 beta (IL-1β), transforming growth factor-beta 1 (TGF-β1), nibrin (NBN) and mitogen-activated protein kinase (MAPK), along with histopathological evaluation. Hyperthyroidism caused marked hepatic, renal, and thyroidal injury with oxidative and inflammatory responses, whereas co-administration of graviola or GNPs notably ameliorated these alterations. The most pronounced recovery was achieved with GNPs at 50 mg/kg, highlighting their superior efficacy as potent antioxidant and protective agents against hyperthyroidism-induced tissue damage. | |
| 520 | 3 | _aيؤدي الإفراط في إنتاج هرمونات الغدة الدرقية في حالة فرط نشاط الغدة الدرقية إلى اضطرابات أيضية عميقة تؤثر سلبًا على العديد من الأعضاء، وبشكل خاص الكبد والكلى والغدة الدرقية نفسها. وترتبط هذه الاضطرابات أساسًا بعمليات الإجهاد التأكسدي والالتهاب والموت الخلوي المبرمج (apoptosis) والإشارات المسببة للتليف. ورغم توافر العلاجات الدوائية التقليدية لفرط نشاط الغدة الدرقية، فإن معظمها يقتصر على خفض فرط إفراز الهرمونات دون أن يوفر حماية كافية لسلامة الأعضاء أو يمنع التغيرات النسيجية والوظيفية المصاحبة للحالة. ولذلك فإن البحث عن عوامل طبيعية تمتلك خصائص وقائية للكبد والكلى إلى جانب تأثيرها المضاد لفرط نشاط الغدة الدرقية يمثل استراتيجية علاجية واعدة. هدفت الدراسة الحالية إلى تقييم التأثيرات العلاجية المحتملة لنبات القشطة الشائكة (Graviola – Annona muricata) و جزيئاتها النانوية (GNPs) على المؤشرات الحيوية والقدرة المضادة للأكسدة والتعبير الجيني والبنية النسيجية في الكبد والكلى والغدة الدرقية لذكور الفئران المصابة بفرط نشاط الغدة الدرقية المستحدث بـ L-thyroxine. تم تقسيم ثمانين جرذًا ( ١٢٠-١٤٠جم) عشوائيًا إلى ثماني مجموعات كالتالى: مجموعة ضابطة، مجموعة فرط الدرقية (٠.٣ ملجم/كجم من L-thyroxine) ، مجموعة الجرافيولا (٢٠٠ ملجم/كجم) ، مجموعة الجزيئات النانوية للجرافيولا GNPs (٢٠٠ ملجم/كجم) ، والمجموعات المصابة بفرط الدرقية و المعالجة فى الوقت نفسه عن طريق الفم بالجرافيولا (٢٠٠ ملجم/كجم) او بجزيئاتها النانوية بجرعات ٢٠٠،١٠٠،٥٠ ملجم/كجم لمدة ٢٨ يوما متتالية. تم تحليل مصل الدم لتقدير مؤشرات وظائف الغدة الدرقية والكبد والكلى، ومستوى الجلوكوز، والبروتين الكلي، والسعة الكلية المضادة للأكسدة. كما شملت الاختبارات النسيجية تقدير المالوندايالدهيد (MDA) و الجلوتاثيون (GSH)، وتحليل التعبير الجيني لكل من Nrf2 وHO-1 وSOD و Bax وBcl-2 وIL-1β وTGF-β1، إضافةً إلى الفحص النسيجي للأنسجة. أظهرت النتائج أن فرط نشاط الغدة الدرقية تسبب في تلف واضح في أنسجة الغدة الدرقية والكبد والكلى مصحوبًا باستجابات تأكسدية والتهابية ، بينما أدى العلاج المشترك بـالجرافيولا أو جزيئاتها النانوية إلى تحسن ملحوظ في هذه التغيرات. وكان أقوى تأثير وقائي عند استخدام GNPs بجرعة ٥٠ ملجم/كجم، مما يؤكد تفوقها كمضادات أكسدة وعوامل وقائية فعالة ضد الأضرار النسيجية الناجمة عن فرط نشاط الغدة الدرقية. | |
| 530 | _aIssues also as CD. | ||
| 546 | _aText in English and abstract in Arabic & English. | ||
| 650 | 0 | _aPhysiology | |
| 650 | 0 | _aفسيولوجيا | |
| 653 | 1 |
_aGraviola _aL-thyroxine _aAdverse effect _aProtective effect _aMale rats _aالجرافيولا _aل-ثيروكسين |
|
| 700 | 0 |
_aHodallah Hatem Ahmed _ethesis advisor. |
|
| 700 | 0 |
_aSherif Hamed Elmosalamy _ethesis advisor. |
|
| 700 | 0 |
_aMarwa Ibrahim Abdel Hamid _ethesis advisor. |
|
| 900 |
_b01-01-2025 _cHodallah Hatem Ahmed _cSherif Hamed Elmosalamy _cMarwa Ibrahim Abdel Hamid _UCairo University _FFaculty of Veterinary Medicine _DDepartment of Physiology |
||
| 905 | _aShimaa | ||
| 942 |
_2ddc _cTH _e21 _n0 |
||
| 999 | _c180102 | ||